| Tag |
First Indicator |
Second Indicator |
Subfields |
| LEADER |
00000cam a2200000La 4500 |
| 001 |
in00001574432 |
| 005 |
20220103181524.0 |
| 006 |
m u |
| 007 |
cr cn- |
| 008 |
001009s2000 maua sb 001 0 eng d |
| 010 |
|
|
|z 99089951
|
| 020 |
|
|
|a 0585240221 (electronic bk.) :
|c $45.00
|
| 020 |
|
|
|z 0262032783
|
| 035 |
|
|
|a (OCoLC)ocm44957381
|
| 040 |
|
|
|a N$T
|c N$T
|d OCL
|d UtOrBLW
|
| 049 |
|
|
|a IKMN
|
| 050 |
1 |
4 |
|a QA76.76.I58
|b E43 2000eb
|
| 082 |
0 |
4 |
|a 006.3
|2 21
|
| 245 |
0 |
0 |
|a Embodied conversational agents /
|c edited by Justine Cassell [and others].
|
| 264 |
|
1 |
|a Cambridge, Mass. :
|b MIT Press,
|c [2000]
|
| 264 |
|
4 |
|c ©2000
|
| 300 |
|
|
|a 430 pages :
|b illustrations ;
|c 24 cm.
|
| 336 |
|
|
|a text
|b txt
|2 rdacontent
|
| 337 |
|
|
|a computer
|b c
|2 rdamedia
|
| 338 |
|
|
|a online resource
|b cr
|2 rdacarrier
|
| 504 |
|
|
|a Includes bibliographical references and index.
|
| 533 |
|
|
|a Electronic reproduction.
|b Boulder, Colo. :
|c NetLibrary,
|d 2000.
|n Available via the World Wide Web.
|n Available in multiple electronic file formats.
|n Access may be limited to NetLibrary affiliated libraries.
|
| 500 |
|
|
|a Electronic resource.
|
| 650 |
|
0 |
|a Intelligent agents (Computer software)
|0 http://id.loc.gov/authorities/subjects/sh97000493
|
| 650 |
|
0 |
|a Human-computer interaction.
|0 http://id.loc.gov/authorities/subjects/sh88003229
|
| 650 |
|
4 |
|a Human-computer interaction.
|
| 650 |
|
4 |
|a Intelligent agents (Computer software)
|
| 655 |
|
7 |
|a Electronic books.
|2 local
|
| 700 |
1 |
|
|a Cassell, Justine,
|d 1960-
|0 http://id.loc.gov/authorities/names/n98037372
|
| 710 |
2 |
|
|a NetLibrary, Inc.
|0 http://id.loc.gov/authorities/names/no99080690
|
| 776 |
1 |
|
|c Original
|w (DLC) 99089951
|w (OCoLC)43076972
|
| 856 |
4 |
1 |
|u https://proxy.library.tamu.edu/login?url=http://www.netLibrary.com/urlapi.asp?action=summary&v=1&bookid=32650
|z Connect to the full text of this electronic book
|t 0
|
| 994 |
|
|
|a 92
|b IKM
|
| 999 |
|
|
|a MARS
|
| 999 |
f |
f |
|s d84f5063-d70d-31e5-99f7-0a5afcd2e3a6
|i 7815fb6d-0de3-3e57-9526-e90e4cf2897f
|t 0
|
| 952 |
f |
f |
|a Texas A&M University
|b College Station
|c Electronic Resources
|d Available Online
|t 0
|e QA76.76.I58 E43 2000eb
|h Library of Congress classification
|
| 998 |
f |
f |
|a QA76.76.I58 E43 2000eb
|t 0
|l Available Online
|